[Event "GER T160-E46-S email"]
[Site "GER email"]
[Date "2013.01.10"]
[Round "?"]
[White "Schulz, Hans Juergen"]
[Black "Schonberger, Kay"]
[Result "0-1"]
[WhiteElo "1775"]
[BlackElo "1865"]
[PlyCount "106"]
[EventDate "2013.01.28"]
[EventType "tourn (corr)"]
[EventRounds "6"]
[EventCountry "GER"]
[SourceTitle "Corr 2015"]
[Source "ChessBase"]
[SourceDate "2015.07.17"]
[SourceVersion "1"]
[SourceVersionDate "2015.07.17"]
[SourceQuality "1"]

1. d4 Nf6 2. c4 e6 3. Nc3 Bb4 4. e3 0-0 5. Be2 c6 6. Bd2 b6 7. Qc2 d5 8. Ne4 Bxd2+ 9. Nxd2 Bb7 10. Ngf3 Nbd7 11. cxd5 Nxd5 12. 0-0 c5 13. Rac1 Qe7 14. Qb1 Rac8 15. dxc5 Nxc5 16. a3 a5 17. Rc4 Rfd8 18. Rfc1 b5 19. R4c2 b4 20. h3 b3 21. Rc4 Nb6 22. Rd4 e5 23. Rxd8+ Rxd8 24. Bf1 Ba8 25. Bb5 g6 26. e4 f5 27. exf5 e4 28. Re1 gxf5 29. Qc1 Ne6 30. Nc4 Nd5 31. Nh2 Nd4 32. Ba6 Nc7 33. Nb6 Nxa6 34. Qc4+ Qe6 35. Qxa6 Nc2 36. Re2 Rb8 37. Qxa5 Qxb6 38. Qxf5 Nd4 39. Qg5+ Qg6 40. Qxg6+ hxg6 41. Rd2 Rd8 42. Nf1 Kf7 43. Kh1 Bc6 44. Ng3 Ke6 45. Rd1 Ke5 46. Nf1 Bb5 47. Ne3 Bd3 48. h4 Rc8 49. Re1 Nf5 50. Nd1 Bc2 51. a4 Bxd1 52. Rxd1 Rc2 53. Rb1 Rxf2 0-1

[Event "GER T160-E46-S email"]
[Site "GER email"]
[Date "2013.01.10"]
[Round "?"]
[White "Thoma, Eberhard"]
[Black "Schonberger, Kay"]
[Result "0-1"]
[WhiteElo "1861"]
[BlackElo "1865"]
[PlyCount "62"]
[EventDate "2013.01.28"]
[EventType "tourn (corr)"]
[EventRounds "6"]
[EventCountry "GER"]
[SourceTitle "Corr 2015"]
[Source "ChessBase"]
[SourceDate "2015.07.17"]
[SourceVersion "1"]
[SourceVersionDate "2015.07.17"]
[SourceQuality "1"]

1. d4 Nf6 2. c4 e6 3. Nc3 Bb4 4. e3 0-0 5. Be2 c6 6. Nf3 d5 7. Bd2 Nbd7 8. 0-0 a5 9. a3 Bd6 10. Qc2 Qe7 11. Rfe1 dxc4 12. Bxc4 e5 13. g3 Kh8 14. Ba2 Bc7 15. Rac1 Bd6 16. Bb3 Bc7 17. Re2 h6 18. Nh4 Re8 19. dxe5 Bxe5 20. Na4 b5 21. Qxc6 Rb8 22. Nc3 Bb7 23. Qxb5 Bxc3 24. Bxc3 Bf3 25. Qxa5 Bxe2 26. Nf5 Qe4 27. Nd6 Qf3 28. Nxe8 Ne4 29. Bxg7+ Kh7 30. Qe1 Rxb3 31. Rc6 f6 0-1

[Event "GER T155-B30-S email"]
[Site "GER email"]
[Date "2012.11.16"]
[Round "?"]
[White "Schonberger, Kay"]
[Black "Schelberg, Martin"]
[Result "1-0"]
[WhiteElo "1865"]
[BlackElo "1453"]
[PlyCount "47"]
[EventDate "2012.11.23"]
[EventType "tourn (corr)"]
[EventRounds "8"]
[EventCountry "GER"]
[SourceTitle "Corr 2015"]
[Source "ChessBase"]
[SourceDate "2015.07.17"]
[SourceVersion "1"]
[SourceVersionDate "2015.07.17"]
[SourceQuality "1"]

1. e4 c5 2. Nf3 Nc6 3. Nc3 d6 4. d4 cxd4 5. Nxd4 e5 6. Nf5 Bxf5 7. exf5 Nf6 8. Bc4 Qd7 9. Nd5 0-0-0 10. 0-0 h5 11. a4 Qxf5 12. Be3 Qg4 13. Qd3 h4 14. f3 Qd7 15. Ra3 Kb8 16. Rb3 Nxd5 17. Bxd5 h3 18. g3 Rc8 19. a5 Rc7 20. a6 Nd4 21. Bxd4 b6 22. Bxb6 axb6 23. Rxb6+ Kc8 24. Bb7+ 1-0

[Event "GER T137-A66-S email"]
[Site "GER email"]
[Date "2012.01.22"]
[Round "?"]
[White "Schonberger, Kay"]
[Black "Offenborn, Heinz"]
[Result "0-1"]
[WhiteElo "1792"]
[BlackElo "2110"]
[PlyCount "88"]
[EventDate "2012.01.31"]
[EventType "tourn (corr)"]
[EventRounds "6"]
[EventCountry "GER"]
[SourceTitle "Corr 2015"]
[Source "ChessBase"]
[SourceDate "2015.07.17"]
[SourceVersion "1"]
[SourceVersionDate "2015.07.17"]
[SourceQuality "1"]

1. d4 Nf6 2. c4 c5 3. d5 e6 4. Nc3 exd5 5. cxd5 d6 6. e4 g6 7. f4 Bg7 8. Bb5+ Nfd7 9. Nf3 a6 10. Bd3 b5 11. h4 Nb6 12. h5 N8d7 13. a4 b4 14. Ne2 a5 15. Bb5 0-0 16. h6 Bh8 17. 0-0 Nf6 18. Ng3 Bd7 19. Bxd7 Qxd7 20. f5 Ng4 21. Kh1 c4 22. Nd4 Ne5 23. f6 Rfe8 24. Kg1 b3 25. Bd2 Nxa4 26. Qc1 Rec8 27. Ra3 Nd3 28. Qa1 Ndxb2 29. Bc1 Rab8 30. Nc6 c3 31. Ne7+ Kf8 32. Nxc8 Qxc8 33. Ne2 Qc4 34. Nxc3 Qxc3 35. Bxb2 Nxb2 36. Rxa5 Qe3+ 37. Kh2 Qxh6+ 38. Kg1 Bxf6 39. Rxf6 Nc4 40. Ra7 Qe3+ 41. Kh1 Ne5 42. Ra8 Rxa8 43. Qxa8+ Kg7 44. Rf1 Ng4 0-1

[Event "GER T142-C43-S email"]
[Site "GER email"]
[Date "2012.01.10"]
[Round "?"]
[White "Schneider, Hans Juergen"]
[Black "Schonberger, Kay"]
[Result "1/2-1/2"]
[WhiteElo "1959"]
[BlackElo "1792"]
[PlyCount "83"]
[EventDate "2012.01.16"]
[EventType "tourn (corr)"]
[EventRounds "6"]
[EventCountry "GER"]
[SourceTitle "Corr 2015"]
[Source "ChessBase"]
[SourceDate "2015.07.17"]
[SourceVersion "1"]
[SourceVersionDate "2015.07.17"]
[SourceQuality "1"]

1. e4 e5 2. Nf3 Nf6 3. d4 Nxe4 4. Bd3 d5 5. dxe5 Be7 6. 0-0 Nc5 7. Be2 Nc6 8. Be3 Be6 9. Nc3 0-0 10. Nb5 Nd7 11. Bf4 a6 12. Nbd4 Nxd4 13. Nxd4 c5 14. Nxe6 fxe6 15. Qd2 Qe8 16. b3 b5 17. a4 c4 18. axb5 axb5 19. Rxa8 Qxa8 20. g3 Qc6 21. b4 Rf5 22. c3 Bd8 23. Re1 Bc7 24. Be3 Nxe5 25. f4 Nd7 26. Bg4 Rf7 27. Bd4 Re7 28. Qe3 Kf7 29. Bf3 Kf8 30. h3 Qd6 31. Ra1 Bb6 32. Bxb6 Qxb6 33. Kf2 Qc6 34. Qd4 Nf6 35. h4 Rd7 36. Ra5 Ne4+ 37. Kg2 Kf7 38. Ra2 Re7 39. g4 Nd6 40. Qe5 Kf8 41. Ra5 h6 42. h5 1/2-1/2